Odgadnij miasto województwa pomorskiego po obrazku - Statystyki

Ogólne statystyki
  • Ten quiz został rozwiązany 14 razy
    7 od ostatniego zresetowania
  • Średni wynik to 9 z 19
Statystyki odpowiedzi
Obrazkowy Odpowiedź % Poprawnych
Gdańsk
100%
Gdynia
100%
Malbork
80%
Sopot
80%
Tczew
60%
Bytów
40%
Chojnice
40%
Człuchów
40%
Kartuzy
40%
Kwidzyn
40%
Lębork
40%
Nowy Dwór Gdański
40%
Puck
40%
Słupsk
40%
Starogard Gdański
40%
Sztum
40%
Wejherowo
40%
Kościerzyna
20%
Pruszcz Gdański
20%
Nie znaleziono quizów pasujących do podanych kryteriów
Rozkład punktacji
Procent ludzi z każdym wynikiem
Percentyl według liczby udzielonych odpowiedzi
Twoja historia wyników
Nie rozwiązałeś tego quizu od ostatniego zresetowania